| 000 | 00388nam a22001457a 4500 | ||
|---|---|---|---|
| 005 | 20250613142342.0 | ||
| 008 | 250613b |||||||| |||| 00| 0 eng d | ||
| 020 | _a0809126133 | ||
| 050 |
_aBS 621 _bHOP |
||
| 100 | _aHOPPE, J. LESLIE | ||
| 245 | _aWHAT ARE THEY SAYING ABOUT BIBLICAL ARCHAEOLLOGY | ||
| 260 |
_aNEW YORK _bPAULIST PRESS _cc1984 |
||
| 300 | _aiii, 107p | ||
| 942 |
_2lcc _cBK _n0 |
||
| 999 |
_c6461 _d6461 |
||